000 00639nam a2200241Ia 4500
001 9189
005 20240113234154.0
007 ta
008 050723s1906 a g b000 u eng u
040 _aCotton College,Assam
041 _aeng
082 _a808
_bB 16 En
100 _aBain, Alaxender .
245 0 _aEnglish Composition Rhetoric /
_cAlaxender Bain.
_hTextual Documents
250 _a1st ed. /
260 _aNew York :
_bLongmans Green & Co ,
_c1906.
300 _axix, 310p. :
_bill. ;
_c18cm .
362 _aPart I-
653 _aEnglish-Literature
942 _2ddc
_cBK
999 _c9176
_d9176